L'arte di invecchiare /

में बचाया:
ग्रंथसूची विवरण
मुख्य लेखक: Cicero, Marcus Tullius (लेखक)
अन्य लेखक: Rossetti, Bartolomeo (संपादक)
स्वरूप: पुस्तक
भाषा:इतालवी
लैटिन
प्रकाशित: Roma : Tascabili economici Newton, 1994
श्रृंखला:Centopaginemillelire ; 152
टैग: टैग जोड़ें
कोई टैग नहीं, इस रिकॉर्ड को टैग करने वाले पहले व्यक्ति बनें!

MARC

LEADER 00000nam a22000007i 4500
001 IT\ICCU\LO1\0335713
003 ItRI
005 20260115231935.0
008 940524s1994 it |||||| ||||| |||||c
020 |a 8879832999 
040 |b ita  |c importazione bologna sebina 
041 7 |a ita  |a lat  |2 ISO-639-2 
082 |a 170  |9 ETICA (FILOSOFIA MORALE)  |2 19 
100 1 |a Cicero, Marcus Tullius  |0 IT\ICCU\CFIV\006643  |4 aut 
240 1 0 |a De senectute  |3 IT\ICCU\VIA\0290444  |9 Cicero, Marcus Tullius 
245 1 2 |a L'arte di invecchiare /  |c Marco Tullio Cicerone ; cura e versione di Bartolomeo Rossetti. 
260 |a Roma :  |b Tascabili economici Newton,  |c 1994 
300 |a 98 p. ;  |c 20 cm 
500 |a Ed. integrale 
500 |a Testo originale a fronte. 
700 1 |a Rossetti, Bartolomeo  |0 IT\ICCU\CFIV\025531  |4 edt 
790 0 |a Cicéron  |3 IT\ICCU\CFIV\068480  |z Cicero, Marcus Tullius 
790 0 |a Cicerone  |3 IT\ICCU\CFIV\030674  |z Cicero, Marcus Tullius 
790 0 |a Cyceron  |3 IT\ICCU\CFIV\254495  |z Cicero, Marcus Tullius 
790 1 |a Cicerone, M. Tullio  |3 IT\ICCU\CFIV\150753  |z Cicero, Marcus Tullius 
790 1 |a Cicerone, Marco Tullio  |3 IT\ICCU\CFIV\006644  |z Cicero, Marcus Tullius 
830 0 |a Centopaginemillelire ;  |v 152  |0 IT\ICCU\RAV\0196182 
942 |2 ddc  |c BK  |n 0 
952 |0 0  |1 0  |4 0  |6 DOC_878_000000000000000_CIC  |7 0  |9 17249  |a BO  |b BO  |d 2026-01-15  |i 10115  |l 0  |o DOC 878 CIC  |p BO10115  |r 2026-01-15 23:19:35  |w 2026-01-15  |x [Sebina 5] [1 v.]  |y BK  |z 1 v. 
999 |c 14728  |d 14728